| 000 | 00546nam a2200181 i 4500 | ||
|---|---|---|---|
| 001 | 30928 | ||
| 003 | ES-MaACL | ||
| 005 | 20230906154258.0 | ||
| 007 | t| | ||
| 008 | 030127s1962 sp ||||1| spa d | ||
| 100 | 1 |
_aBazin, Hervé. _926750 |
|
| 245 | 1 | 3 |
_aEl suburbio de la locura / _cHervé Bazin ; [Traducción del francés por R. Grau de Llinás]. |
| 250 | _a[2ª ed.]. | ||
| 260 |
_aBarcelona : _bScientia, _c[1962] |
||
| 300 |
_a194 p., 2 lám. ; _c19 cm. |
||
| 700 | 1 |
_aGrau de Llinás, R. _959750 |
|
| 852 |
_aES-MaACL _jC-22397 _bR.50469 |
||
| 999 |
_c30928 _d30928 |
||